| 000 | 00535nam a22001937c 4500 | ||
|---|---|---|---|
| 999 |
_c7293 _d7293 |
||
| 003 | OSt | ||
| 005 | 20200608161436.0 | ||
| 008 | 200429s2014 sp ||||| 000 0 spa|d | ||
| 017 | _aDL M. 13776-2014 | ||
| 020 | _a9788473566520 | ||
| 040 |
_aES-BaCBU _bcat _cCDMR |
||
| 100 | 1 | _aJiménez, Chal | |
| 245 | 1 | 0 |
_aMarca la diferencia _b: porque tú lo vales / _cChal Jiménez |
| 260 |
_aPozuelo de Alarcón, Madrid : _bESIC, _c2014 |
||
| 300 |
_a206 p. ; _c22 cm |
||
| 650 | 0 | 4 | _aMàrqueting personal |
| 650 | 0 | 7 |
_aÈxit _2lemac |
| 942 | _cMON | ||